000 00282nam a2200121Ia 4500
008 191201s2013 xx 000 0 und d
100 _aKUMAR,Rajiv
245 0 _aApplied Mathematics-I
260 _aN. delhi
_bSuhavi Pub
_c2013
300 _aNULL
650 _aApplied
942 _2ddc
_cBK
999 _c469
_d469